01318nam a22002777a 4500003000900000008004100009040007100050082002100121110005500142245011500197260002800312300002900340440007500369505028100444650002300725650002800748650003400776650003400810650003200844650001900876700002700895700003100922700003000953700003100983700002601014AR-CdUCM190425b ||||| |||| 00| 0 spa d aMUNICIPALIDAD PROVINCIAL DEL CUSCOcBIBLIOTECA MUNICIPAL DEL CUSCO aRev.FD/N°9/1999 aUniversidad Nacional De San Antonio Abad del Cuzco aRevista de la Facultad de Derecho y Ciencias Políticas /cUniversidad Nacional de San Antonio Abad del Cuzco aCusco :bUNSAAC,c1999. a250 páginas. :c21 cm. aRevista de la Facultad de Derecho y Ciencias Políticas.nN°9, 1999. aContenido: La reelección presidencial en América Latina. -- Legitimidad y poder judicial. -- Juzgamiento de los delitos comunes por los jueces militares. -- Trinidad Enríquez la primera jurista del Cusco. -- La declaración mundial sobre la educación en el siglo XXI. aDerecho del Perú aConciliación judicial aFacultad de Derecho del Cuzco aTridimensionalismo jurídico aMaría Trinidad Enríquez aPoder Judicial aBéjar Quispe, José aValcárcel Gamarra, Pedro aBoluarte Medina, Víctor aDíaz Bedregal, Florencio aZegarra Dongo, Manuel